Alle Städte Thüringens - Statistiken

Allgemein
  • Dieses Quiz wurde 921 mal gespielt
  • Das Durchschnittsergebnis liegt bei 47 aus 117
Antwortstatistiken
Rang Einwohner Stadt Landkreis % Korrekt
1 213.981 Erfurt kreisfrei
97%
2 111.343 Jena kreisfrei
97%
3 93.125 Gera kreisfrei
93%
15 24.796 Meiningen Schmalkalden-Meiningen
93%
5 45.419 Gotha Gotha
88%
4 65.228 Weimar kreisfrei
88%
6 42.250 Eisenach kreisfrei
85%
7 41.726 Nordhausen Nordhausen
85%
22 19.647 Schmalkalden Schmalkalden-Meiningen
85%
9 36.789 Suhl kreisfrei
84%
12 29.278 Saalfeld/Saale Saalfeld-Rudolstadt
83%
11 31.633 Altenburg Altenburger Land
82%
14 24.943 Rudolstadt Saalfeld-Rudolstadt
82%
20 20.392 Greiz Greiz
81%
16 23.516 Sonneberg Sonneberg
81%
23 18.947 Sömmerda Sömmerda
79%
8 38.891 Ilmenau Ilm-Kreis
78%
31 11.831 Hildburghausen Hildburghausen
74%
10 36.090 Mühlhausen/Thüringen Unstrut-Hainich-Kreis
73%
13 27.314 Arnstadt Ilm-Kreis
70%
18 22.184 Apolda Weimarer Land
68%
19 21.290 Sondershausen Kyffhäuserkreis
63%
25 17.219 Heilbad Heiligenstadt Eichsfeld
60%
24 17.271 Bad Langensalza Unstrut-Hainich-Kreis
58%
17 23.455 Bad Salzungen Wartburgkreis
58%
21 20.115 Leinefelde-Worbis Eichsfeld
54%
29 12.727 Zella-Mehlis Schmalkalden-Meiningen
54%
41 8.947 Schleiz Saale-Orla-Kreis
51%
111 1.650 Oberhof Schmalkalden-Meiningen
49%
30 11.842 Pößneck Saale-Orla-Kreis
49%
27 13.724 Schmölln Altenburger Land
49%
39 9.198 Neustadt an der Orla Saale-Orla-Kreis
48%
48 7.500 Bad Berka Weimarer Land
45%
26 16.350 Zeulenroda-Triebes Greiz
45%
35 10.139 Bad Frankenhausen/Kyffhäuser Kyffhäuserkreis
44%
33 10.849 Eisenberg Saale-Holzland-Kreis
44%
37 9.820 Ohrdruf Gotha
43%
56 6.646 Stadtroda Saale-Holzland-Kreis
43%
28 12.838 Waltershausen Gotha
43%
42 8.406 Stadtilm Ilm-Kreis
42%
36 9.954 Meuselwitz Altenburger Land
41%
40 8.975 Neuhaus am Rennweg Sonneberg
41%
55 6.688 Artern Kyffhäuserkreis
40%
47 7.561 Eisfeld Hildburghausen
40%
54 6.795 Kahla Saale-Holzland-Kreis
40%
66 5.825 Bad Lobenstein Saale-Orla-Kreis
39%
44 8.051 Hermsdorf Saale-Holzland-Kreis
38%
70 5.456 Ruhla Wartburgkreis
38%
38 9.575 Steinbach-Hallenberg Schmalkalden-Meiningen
38%
32 10.930 Schleusingen Hildburghausen
37%
43 8.372 Weida Greiz
37%
46 7.688 Bad Sulza Weimarer Land
36%
51 7.195 Friedrichroda Gotha
36%
67 5.802 Kaltennordheim Schmalkalden-Meiningen
36%
59 6.348 Kölleda Sömmerda
35%
84 3.514 Bad Köstritz Greiz
34%
45 7.748 Bad Liebenstein Wartburgkreis
34%
82 3.658 Triptis Saale-Orla-Kreis
34%
34 10.327 Bleicherode Nordhausen
33%
113 1.107 Orlamünde Saale-Holzland-Kreis
33%
90 3.359 Saalburg-Ebersdorf Saale-Orla-Kreis
33%
60 6.334 Bad Blankenburg Saalfeld-Rudolstadt
32%
69 5.498 Wasungen Schmalkalden-Meiningen
31%
89 3.363 Kranichfeld Weimarer Land
30%
62 6.034 Treffurt Wartburgkreis
30%
52 6.887 Dingelstädt Eichsfeld
28%
65 5.870 Greußen Kyffhäuserkreis
28%
63 5.993 Brotterode-Trusetal Schmalkalden-Meiningen
27%
72 5.360 Dornburg-Camburg Saale-Holzland-Kreis
27%
92 3.260 Lauscha Sonneberg
26%
107 1.985 Plaue Ilm-Kreis
26%
74 5.011 Ronneberg Greiz
26%
79 3.799 Steinach Sonneberg
26%
97 2.807 Themar Hildburghausen
26%
73 5.125 Vacha Wartburgkreis
26%
80 3.699 Weißensee Sömmerda
26%
76 4.748 Amt Creuzburg Wartburgkreis
25%
102 2.462 Bad Tennstedt Unstrut-Hainich-Kreis
25%
57 6.440 Blankenhain Weimarer Land
24%
101 2.477 Gefell Saale-Orla-Kreis
24%
88 3.386 Gößnitz Altenburger Land
24%
53 6.822 Römhild Hildburghausen
24%
78 4.256 Tambach-Dietharz Gotha
24%
64 5.967 An der Schmücke Kyffhäuserkreis
23%
93 3.258 Berga/Elster Greiz
23%
95 3.058 Bürgel Saale-Holzland-Kreis
23%
50 7.350 Königsee Saalfeld-Rudolstadt
23%
114 1.068 Clingen Kyffhäuserkreis
22%
85 3.514 Tanna Saale-Orla-Kreis
22%
61 6.253 Großbreitenbach Ilm-Kreis
21%
87 3.404 Heldburg Hildburghausen
21%
106 2.029 Magdala Weimarer Land
21%
117 463 Ummerstadt Hildburghausen
21%
86 3.441 Auma-Weidatal Greiz
20%
104 2.116 Gebesee Sömmerda
19%
75 4.767 Geisa Wartburgkreis
19%
49 7.476 Roßleben-Wiehe Kyffhäuserkreis
19%
98 2.663 Ebeleben Kyffhäuserkreis
18%
71 5.449 Ellrich Nordhausen
18%
77 4.720 Heringen/Helme Nordhausen
18%
116 478 Neumark Weimarer Land
17%
115 657 Ziegenrück Saale-Orla-Kreis
17%
103 2.132 Hirschberg Saale-Orla-Kreis
16%
81 3.681 Lucka Altenburger Land
16%
68 5.760 Nottertal-Heilinger Höhen Unstrut-Hainich-Kreis
16%
94 3.081 Wurzbach Saale-Orla-Kreis
16%
110 1.672 Lehesten Saalfeld-Rudolstadt
15%
96 2.949 Münchenbernsdorf Greiz
15%
109 1.678 Ranis Saale-Orla-Kreis
15%
91 3.318 Schalkau Sonneberg
15%
83 3.543 Schwarzatal Saalfeld-Rudolstadt
15%
58 6.398 Werra-Suhl-Tal Wartburgkreis
15%
108 1.935 Gräfenthal Saalfeld-Rudolstadt
14%
105 2.079 Leutenberg Saalfeld-Rudolstadt
14%
100 2.482 Rastenberg Sömmerda
14%
99 2.622 Schkölen Saale-Holzland-Kreis
14%
112 1.402 Hohenleuben Greiz
13%
Keine übereinstimmenden Quizze gefunden
Verteilung der Resultate
Anzahl Personen mit jedem Resultat
Perzentil nach korrekt beantworteten Fragen
Ihre Resultats-Entwicklung
Sie haben dieses Quiz noch nicht gespielt